000 00491nam a2200181Ia 4500
999 _c36799
_d36799
003 OSt
005 20201218102120.0
008 190216s9999||||xx |||||||||||||| ||und||
020 _a8178840995
040 _coclc
082 _a570.3
_bRAW/D
100 _aRawat, Gautam
_97651
245 0 _aDictionary Of Biology /
_cGautam Rawat
260 _bCyber Tech,
_aNew Delhi:
_c2004.
300 _a262p
650 _aBotany
942 _cREF
_2ddc
_h570.3
_iRAW/D
_k570.3
_mRAW/D